000 00484nam a2200145Ia 4500
008 100122s9999 xx 000 0 und d
082 _b4887
_a823.08
100 _aदेशपांडे माधव का.
245 _aप्रो फडके वाडमय दर्शन
260 _c1924
300 _a50
630 _aप्रो फडके वाडमय दर्शन
730 _aप्रो फडके वाडमय दर्शन
942 _cBOOK
999 _c398337
_d398334